| 000 | 00731nam a22002297a 4500 | ||
|---|---|---|---|
| 999 |
_c3900 _d3900 |
||
| 005 | 20241119092749.0 | ||
| 008 | 241119b ||||| |||| 00| 0 eng d | ||
| 020 | _a9781416918035 | ||
| 040 | _cKH8 | ||
| 082 | _aFIC DIX | ||
| 100 |
_aDixon, Franklin W. _eAuthor. |
||
| 245 |
_aHazed _cFranklin W. Dixon |
||
| 260 |
_aNew York, _bAladdin Paperbacks, _c2007 |
||
| 300 |
_a 153 pages ; _c20 cm. |
||
| 440 |
_aHardy boys undercover brothers, _n#14 |
||
| 520 | _aFrank and Joe investigate a hazing at Eagle River Academy and the death of a student | ||
| 521 | _aDetective and mystery stories | ||
| 650 | _aDetective and mystery fiction | ||
| 650 | _aDetective and mystery stories | ||
| 650 | _aFiction | ||
| 942 |
_2ddc _cFIC |
||